A Social Constructivist Approach to Translator Education. Empowerment from Theory to Practice.

Spremljeno u:
Bibliografski detalji
Glavni autor: Kiraly, Donald (Autor)
Format: Nepoznato
Izdano: New York, USA: Routledge, 2000.
Teme:
Oznake: Dodaj oznaku
Bez oznaka, Budi prvi tko označuje ovaj zapis!

MARC

LEADER 00000 a2200000 4500
003 CL-VaPUC
005 20230102135837.0
008 221216t2000 ||||| |||| 00| 0 eng d
999 |c 439471  |d 439469 
020 |a 978-1-900650-33-5 
040 |c Pontificia Universidad Católica de Valparaíso 
082 |a 418.02071 KIR 2000 
100 |a Kiraly, Donald   |9 878675  |e author 
245 |a A Social Constructivist Approach to Translator Education.  |b Empowerment from Theory to Practice. 
260 |a New York, USA:  |b Routledge,  |c 2000. 
300 |a 207 páginas. 
583 |k GC  |c 20221216 
650 0 |a Traducción e interpretación  |9 315998  |x Estudio y enseñanza 
650 0 |a Formación de traductores  |9 879447 
942 |2 ddc  |c BK 
952 |0 0  |1 0  |2 ddc  |4 0  |6 418_020710000000000_KIR_2000  |7 0  |8 A  |9 588249  |a BIBEDU  |b BIBEDU  |c GEN  |d 2022-12-15  |e 74  |g 58442.00  |i 5656046  |o 418.02071 KIR 2000  |p 5656046  |r 2022-12-15  |t 1  |v 58442.00  |w 2022-12-15  |y BK  |k LIT 
952 |0 0  |1 0  |2 ddc  |4 0  |6 418_020710000000000_KIR_2000  |7 0  |8 A  |9 588388  |a BIBEDU  |b BIBEDU  |c GEN  |d 2022-12-20  |e 74  |g 58442.00  |i 5656176  |o 418.02071 KIR 2000  |p 5656176  |r 2022-12-20  |t 2  |v 58442.00  |w 2022-12-20  |y BK  |k LIT 
952 |0 0  |1 0  |2 ddc  |4 0  |6 418_020710000000000_KIR_2000  |7 0  |8 A  |9 588389  |a BIBEDU  |b BIBEDU  |c GEN  |d 2022-12-20  |e 74  |g 58442.00  |i 5656177  |l 3  |o 418.02071 KIR 2000  |p 5656177  |r 2023-04-18  |s 2023-04-11  |t 3  |v 58442.00  |w 2022-12-20  |y BK  |k LIT